000 00473nam a2200193Ia 4500
003 OSt
005 20250816115621.0
008 250729s2004 xx 000 0 und d
020 _a978-8173918322
040 _cAL
041 _aeng
082 _a420 SHUC
100 _aBharadwaj D S
_9221358
245 _aTourism education : an emerging essential
260 _aNew Delhi
_bA P H Publishing
_c2004
300 _a25p
650 _aEnglish
_9221359
942 _2ddc
_cBED
999 _c234973
_d234973